Central Library OPAC University of Rajshahi

Biosensors : (Record no. 69674)

MARC details
000 -LEADER
fixed length control field 00619nam a2200217 a 4500
001 - CONTROL NUMBER
control field 69674
003 - CONTROL NUMBER IDENTIFIER
rucl marc code BD-RjUL
005 - DATE AND TIME OF LATEST TRANSACTION
control field 20211209081920.0
008 - FIXED-LENGTH DATA ELEMENTS--GENERAL INFORMATION
fixed length control field 170413r20041990enk b 001 0 eng
035 ## - SYSTEM CONTROL NUMBER
System control number (BD-RjUL)69886
040 ## - CATALOGING SOURCE
Original cataloging agency DLC
Transcribing agency TxU-Da
Modifying agency BD-RjUL
Language of cataloging eng
041 ## - LANGUAGE CODE
Language code of text/sound track or separate title eng
082 00 - DEWEY DECIMAL CLASSIFICATION NUMBER
Classification number 570.28
Edition number 23
Author mark and year BIO 2004
245 #0 - TITLE STATEMENT
Title Biosensors :
Remainder of title a practical approach /
Statement of responsibility, etc. Jonathan M. Cooper
260 ## - PUBLICATION, DISTRIBUTION, ETC. (IMPRINT)
Place of publication, distribution, etc. New York :
Name of publisher, distributor, etc. Oxford University Press,
Date of publication, distribution, etc. 1990, c2004
300 ## - PHYSICAL DESCRIPTION
Pagination 251 p. :
Size 23 cm.
Illustrations ill. ;
500 ## - GENERAL NOTE
General note Includes index.
650 ## - SUBJECT ADDED ENTRY--TOPICAL TERM
Topical term or geographic name as entry element Biosensors
9 (RLIN) 206379
700 ## - ADDED ENTRY--PERSONAL NAME
Personal name Cooper, Jonathan M.
942 ## - ADDED ENTRY ELEMENTS (KOHA)
Source of classification or shelving scheme Dewey Decimal Classification
Koha item type Books
Holdings
Lost status Source of classification or shelving scheme Damaged status Not for loan Collection code Permanent Location Current Location Shelving location Date acquired Source of acquisition Cost, normal purchase price Total Checkouts Full call number Date last seen Copy number Koha item type
  Dewey Decimal Classification   Not For Loan Non-fiction Central Library, University of Rajshahi Central Library, University of Rajshahi Reading Room 01/01/2009 Mallick & Brothers 930.00   570.28 BIO 2004 13/04/2017 C-1 Books